Pokémon - Illumina-City-Dex - Statistiken

Allgemein
  • Dieses Quiz wurde 95 mal gespielt
  • Das Durchschnittsergebnis liegt bei 194 aus 232
Antwortstatistiken
Dex-Nr. Pokémon % Korrekt
004 Floink
100%
003 Meganie
100%
001 Endivie
96%
009 Impergator
96%
007 Karnimani
96%
008 Tyracroc
96%
062 Abra
93%
210 Amphizel
93%
150 Bisaflor
93%
149 Bisaknosp
93%
148 Bisasam
93%
116 Camaub
93%
117 Camerupt
93%
011 Dartignis
93%
010 Dartiri
93%
108 Feelinara
93%
219 Fennexis
93%
005 Ferkokel
93%
012 Fiaro
93%
170 Firnontor
93%
006 Flambirex
93%
209 Froxy
93%
217 Fynx
93%
033 Garados
93%
151 Glumanda
93%
153 Glurak
93%
152 Glutexo
93%
014 Grebbit
93%
213 Igamaro
93%
063 Kadabra
93%
032 Karpador
93%
074 Knofensa
93%
002 Lorblatt
93%
015 Purmel
93%
211 Quajutsu
93%
181 Resladero
93%
218 Rutena
93%
076 Sarzenia
93%
154 Schiggy
93%
155 Schillok
93%
169 Schneppke
93%
013 Scoppel
93%
064 Simsala
93%
037 Starmie
93%
036 Sterndu
93%
022 Tauboga
93%
023 Tauboss
93%
021 Taubsi
93%
156 Turtok
93%
075 Ultrigaria
93%
017 Vivillon
93%
228 Xerneas
93%
229 Yveltal
93%
230 Zygarde
93%
161 Algitt
89%
101 Aquana
89%
112 Banette
89%
034 Bithora
89%
102 Blitza
89%
215 Brigaron
89%
042 Chevrumm
89%
051 Dedenne
89%
231 Diancie
89%
146 Dragonir
89%
147 Dragoran
89%
145 Dratini
89%
186 eF-eM
89%
100 Evoli
89%
103 Flamara
89%
106 Folipurba
89%
107 Glaziola
89%
029 Knospi
89%
045 Leufeo
89%
041 Mähikel
89%
105 Nachtara
89%
047 Pam-Pam
89%
048 Pandagro
89%
052 Pichu
89%
053 Pikachu
89%
104 Psiana
89%
046 Pyroleo
89%
054 Raichu
89%
131 Rocara
89%
030 Roselia
89%
031 Roserade
89%
163 Scampisto
89%
177 Scherox
89%
224 Sen-Long
89%
111 Shuppet
89%
176 Sichlor
89%
162 Tandrak
89%
187 UHaFnir
89%
164 Wummer
89%
192 Aerodactyl
85%
066 Alpollo
85%
026 Ampharos
85%
175 Arktilas
85%
174 Arktip
85%
222 Brutalanda
85%
160 Calamanero
85%
158 Coiffwaff
85%
208 Despotar
85%
221 Draschel
85%
133 Flunkifer
85%
171 Frosdedje
85%
090 Galagladi
85%
122 Ganovil
85%
067 Gengar
85%
089 Guardevoir
85%
109 Haspiror
85%
214 Igastarnish
85%
159 Iscalar
85%
128 Kaumalat
85%
220 Kindwurm
85%
088 Kirlia
85%
130 Knakrack
85%
129 Knarksel
85%
206 Larvitar
85%
125 Machollo
85%
127 Machomei
85%
126 Maschock
85%
065 Nebulak
85%
197 Onix
85%
056 Piepi
85%
055 Pii
85%
057 Pixi
85%
043 Psiau
85%
044 Psiaugon
85%
207 Pupitar
85%
016 Puponcho
85%
124 Rabigator
85%
123 Rokkaiman
85%
110 Schlapor
85%
179 Skaraborn
85%
198 Stahlos
85%
201 Stolloss
85%
200 Stollrak
85%
199 Stollunior
85%
035 Thanathora
85%
087 Trasla
85%
166 Viscargot
85%
167 Viscogon
85%
165 Viscora
85%
024 Voltilamm
85%
025 Waaty
85%
132 Zobiris
85%
134 Absol
81%
094 Altaria
81%
195 Amarino
81%
188 Clavion
81%
072 Duokles
81%
073 Durengard
81%
202 Eguana
81%
203 Elezard
81%
038 Flabébé
81%
098 Flauschling
81%
039 Floette
81%
040 Florges
81%
071 Gramokles
81%
092 Hundemon
81%
091 Hunduster
81%
185 Irokex
81%
223 Kangama
81%
084 Meditalis
81%
083 Meditie
81%
227 Metagross
81%
226 Metang
81%
232 Mewtu
81%
216 Panzaeron
81%
096 Parfi
81%
097 Parfinesse
81%
178 Pinsir
81%
173 Rexblisar
81%
099 Sabbaione
81%
172 Shnebedeck
81%
225 Tanhel
81%
049 Unratütox
81%
093 Wablu
81%
184 Zurrokex
81%
196 Amagarga
78%
020 Bibor
78%
168 Botogel
78%
137 Flegmon
78%
018 Hornliu
78%
204 Irrbis
78%
019 Kokuna
78%
138 Lahmus
78%
136 Lucario
78%
205 Pumpdjinn
78%
135 Riolu
78%
120 Rotomurf
78%
121 Stalobor
78%
193 Balgoras
74%
050 Deponitox
74%
085 Frizelbliz
74%
140 Kanivanha
74%
139 Laschoking
74%
194 Monargoras
74%
141 Tohaido
74%
086 Voltenso
74%
061 Arbok
70%
180 Emolga
70%
189 Lichtel
70%
182 Paragoni
70%
060 Rettan
70%
191 Skelabra
70%
183 Trombork
70%
080 Grillchita
67%
079 Grillmak
67%
028 Kukmarda
67%
190 Laternecto
67%
212 Legios
67%
027 Nagelotz
67%
095 Ohrdoch
67%
082 Sodachita
67%
081 Sodamak
67%
078 Vegichita
67%
077 Vegimak
67%
070 Cerapendra
63%
069 Rollum
63%
068 Toxiped
63%
144 Zapplarang
63%
142 Zapplardin
63%
157 Flunschlik
59%
113 Gelatini
59%
114 Gelatroppo
59%
115 Gelatwino
59%
143 Zapplalek
59%
059 Ariados
56%
118 Hippopotas
56%
119 Hippoterus
56%
058 Webarak
56%
Keine übereinstimmenden Quizze gefunden
Verteilung der Resultate
Anzahl Personen mit jedem Resultat
Perzentil nach korrekt beantworteten Fragen
Ihre Resultats-Entwicklung
Sie haben dieses Quiz noch nicht gespielt